Contratos públicos na lei de inovação : (Record no. 906)
[ view plain ]
| 000 -LÍDER | |
|---|---|
| Campo Fixo de Controle | 00963nam a2200241 a 4500 |
| 001 - NÚMERO DE CONTROLE | |
| Campo de Controle | 906 |
| 003 - IDENTIFICAÇÃO DO NÚMERO DE CONTROLE | |
| Campo de Controle | BR-CuiBMT |
| 005 - DATA E HORA DA ÚLTIMA ATUALIZAÇÃO | |
| Campo de Controle | 20231122223945.0 |
| 008 - DADOS FIXOS | |
| Dados Fixos | 231122s2020 rjb 000 0 por d |
| 020 ## - INTERNATIONAL STANDARD BOOK NUMBER | |
| Nº do ISBN | 9786555103724 |
| 040 ## - AGÊNCIA CATALOGADORA | |
| Código da Agência Catalogadora | BR-CuiBMT |
| Agência que transcreveu o registro | BR-CuiBMT |
| 080 ## - Nº DA CLASSIFICAÇÃO DECIMAL UNIVERSAL | |
| Nº edição CDU | 2007 |
| Nº Class. CDU | 351.712.2:005.591.6 |
| 090 ## - NÚMERO DE CHAMADA | |
| Nº classificação | 351.712.2:005.591.6 |
| Cutter | P784c |
| 100 1# - ENTRADA PRINCIPAL -- AUTOR PESSOAL | |
| Nome pessoal | Pombo, Rodrigo Goulart de Freitas |
| 245 10 - TÍTULO PRINCIPAL | |
| Título principal | Contratos públicos na lei de inovação : |
| Subtítulo | transferência de tecnologia, acordo de parceria e encomenda tecnológica / |
| Indicação de responsabilidade | Rodrigo Goulart de Freitas Pombo ; prefácio Marçal Justen Filho ; apresentação Vitor Rhein Schirato. |
| 260 ## - PUBLICAÇÃO, DISTRIBUIÇÃO, ETC. | |
| Local de publicação | Rio de Janeiro : |
| Editora | Lumen Juris, |
| Data | 2020. |
| 300 ## - DESCRIÇÃO FÍSICA | |
| N. páginas ou volumes | 216 p. ; |
| Dimensões | 23 cm |
| 504 ## - NOTA DE BIBLIOGRAFIA, ETC. | |
| Nota de bibliografia | Inclui bibliografia. |
| 650 ## - ASSUNTO TÓPICO | |
| Cabeçalho tópico ou nome geográfico | Inovação tecnológica |
| Subdivisão geral | Aspectos jurídicos |
| Subdivisão geográfica | Brasil |
| 650 ## - ASSUNTO TÓPICO | |
| Cabeçalho tópico ou nome geográfico | Inovação tecnológica |
| Subdivisão geral | Contratação |
| Subdivisão geográfica | Brasil |
| 650 ## - ASSUNTO TÓPICO | |
| Cabeçalho tópico ou nome geográfico | Transferência de tecnologia |
| Subdivisão geral | Licitação |
| Subdivisão geográfica | Brasil |
| 942 ## - ELEMENTOS DE ENTRADA ADICIONAIS (KOHA) | |
| Fonte de classificação ou esquema de arquivamento | Classificação Decimal Universal |
| Tipo de item do Koha | Livros |
| Estado: removido | Estado: perdido | Fonte de classificação ou esquema de arquivamento | Estado: danificado | Indisponível para empréstimo | Localização permanente | Localização atual | Data de aquisição | Total Checkouts | Número de Chamada completo | Código de barras | Date last seen | Número do exemplar | Preço efetivo a partir de | Tipo de item (Koha) |
|---|---|---|---|---|---|---|---|---|---|---|---|---|---|---|
| Classificação Decimal Universal | Biblioteca da Escola Superior de Contas do TCE/MT | Biblioteca da Escola Superior de Contas do TCE/MT | 22/11/2023 | 351.712.2:005.591.6 P784c | BIBTCEMT23110899 | 22/11/2023 | Ex. 1 | 22/11/2023 | Livros |